[Event "GER-ch Seniors 65 31st"]
[Site "Radebeul"]
[Date "2019.04.29"]
[Round "4"]
[White "Scharff, Juergen"]
[Black "Wolke, Reimund"]
[Result "0-1"]
[WhiteElo "1693"]
[BlackElo "1916"]
[PlyCount "30"]
[EventDate "2019.04.26"]
[EventType "swiss"]
[EventRounds "9"]
[EventCountry "GER"]
[SourceTitle "CBM 190 Extra"]
[Source "ChessBase"]
[SourceDate "2019.07.15"]
[SourceVersion "1"]
[SourceVersionDate "2019.07.15"]
[SourceQuality "1"]

1. d4 Nf6 2. c4 g6 3. Nc3 d5 4. Bg5 Ne4 5. Nxe4 dxe4 6. e3 Bg7 7. f3 c5 8. Ne2 cxd4 9. Nxd4 Qa5+ 10. Qd2 Qxg5 11. fxe4 Nc6 12. Nxc6 bxc6 13. h4 Qg3+ 14. Kd1 Bg4+ 15. Kc2 0-0 0-1

[Event "GER-ch Seniors 65 31st"]
[Site "Radebeul"]
[Date "2019.04.28"]
[Round "3"]
[White "Reimann, Guenther"]
[Black "Scharff, Juergen"]
[Result "1-0"]
[WhiteElo "1880"]
[BlackElo "1693"]
[PlyCount "67"]
[EventDate "2019.04.26"]
[EventType "swiss"]
[EventRounds "9"]
[EventCountry "GER"]
[SourceTitle "CBM 190 Extra"]
[Source "ChessBase"]
[SourceDate "2019.07.15"]
[SourceVersion "1"]
[SourceVersionDate "2019.07.15"]
[SourceQuality "1"]

1. c4 e6 2. d3 Nf6 3. Nf3 d5 4. Nbd2 Nc6 5. g3 Bc5 6. Bg2 0-0 7. 0-0 Ne7 8. Nb3 b6 9. Nxc5 bxc5 10. Qc2 Nd7 11. cxd5 exd5 12. Bf4 Ng6 13. Bg5 f6 14. Bd2 c6 15. Rac1 Ba6 16. b3 Rc8 17. Rfe1 Re8 18. Bh3 c4 19. bxc4 dxc4 20. dxc4 Qe7 21. Qa4 Bb7 22. Qxa7 Rb8 23. Qd4 Ndf8 24. Rb1 Red8 25. Qe3 Qf7 26. Qc3 Ra8 27. Qb3 Bc8 28. Bxc8 Rdxc8 29. c5 Ne6 30. Be3 Ngf8 31. Red1 Kh8 32. Nd4 h5 33. Nf5 Rcb8 34. Qc4 1-0

[Event "GER-ch Seniors"]
[Site "Dresden"]
[Date "2012.08.14"]
[Round "6"]
[White "Scharff, Juergen"]
[Black "Schumacher, Ursula"]
[Result "1-0"]
[WhiteElo "1455"]
[BlackElo "1675"]
[PlyCount "65"]
[EventDate "2012.08.09"]
[EventType "swiss"]
[EventRounds "9"]
[EventCountry "GER"]
[SourceTitle "EXT 2014"]
[Source "ChessBase"]
[SourceDate "2013.11.20"]
[SourceVersion "1"]
[SourceVersionDate "2013.11.20"]
[SourceQuality "1"]

1. d4 c6 2. c4 d5 3. Nc3 Nf6 4. e3 Bf5 5. Nf3 h6 6. a4 a5 7. c5 e6 8. Bd3 Bxd3 9. Qxd3 Nbd7 10. Rb1 b6 11. cxb6 Nxb6 12. b3 Bd6 13. 0-0 0-0 14. Bd2 Qc7 15. Rbc1 Nbd7 16. Nb5 Qb8 17. Rxc6 Ne4 18. Nxd6 Nxd6 19. Rcc1 Ne4 20. Rfd1 Nxd2 21. Rxd2 Rc8 22. Rxc8+ Qxc8 23. Rc2 Qb7 24. h3 Rc8 25. Rxc8+ Qxc8 26. Qb5 Qc7 27. Ne1 Nf6 28. Nd3 Ne4 29. Nc5 Nd6 30. Qd3 g6 31. g3 Kg7 32. Qc2 Ne4 33. Nxe6+ 1-0

[Event "GER-ch Seniors"]
[Site "Dresden"]
[Date "2012.08.13"]
[Round "5"]
[White "Pfueller, Volker"]
[Black "Scharff, Juergen"]
[Result "0-1"]
[WhiteElo "1762"]
[BlackElo "1455"]
[PlyCount "74"]
[EventDate "2012.08.09"]
[EventType "swiss"]
[EventRounds "9"]
[EventCountry "GER"]
[SourceTitle "EXT 2014"]
[Source "ChessBase"]
[SourceDate "2013.11.20"]
[SourceVersion "1"]
[SourceVersionDate "2013.11.20"]
[SourceQuality "1"]

1. b4 e6 2. Bb2 d5 3. e3 Nf6 4. b5 c5 5. c4 a6 6. a4 Bd7 7. Nf3 Be7 8. Be2 0-0 9. 0-0 Re8 10. Ne5 dxc4 11. Bxc4 Bc8 12. Be2 Nbd7 13. bxa6 Nxe5 14. axb7 Bxb7 15. Bxe5 Ra7 16. Bb5 Qd5 17. f3 Qxe5 18. Nc3 Rd8 19. Be2 Ba6 20. Nb5 Rad7 21. Ra2 Nd5 22. Qc1 Nb4 23. Rb2 Bf6 24. d4 cxd4 25. Rxb4 d3 26. Bd1 d2 27. Qa3 Rd3 28. Rb3 Qxe3+ 29. Kh1 Qe1 30. Kg1 Qe3+ 31. Kh1 Bxb5 32. axb5 Qe1 33. h3 Qxf1+ 34. Kh2 Be5+ 35. g3 Bd4 36. h4 Bg1+ 37. Kh1 Bc5+ 0-1

[Event "GER-ch Seniors"]
[Site "Dresden"]
[Date "2012.08.12"]
[Round "4"]
[White "Geibel, Henning"]
[Black "Scharff, Juergen"]
[Result "1/2-1/2"]
[WhiteElo "1523"]
[BlackElo "1455"]
[PlyCount "49"]
[EventDate "2012.08.09"]
[EventType "swiss"]
[EventRounds "9"]
[EventCountry "GER"]
[SourceTitle "EXT 2014"]
[Source "ChessBase"]
[SourceDate "2013.11.20"]
[SourceVersion "1"]
[SourceVersionDate "2013.11.20"]
[SourceQuality "1"]

1. e4 e6 2. Nf3 Nf6 3. e5 Nd5 4. d4 c5 5. Bb5 a6 6. Bc4 Nb6 7. Qd3 Nc6 8. 0-0 Nxc4 9. Qxc4 b5 10. Qd3 Bb7 11. c3 c4 12. Qe2 h6 13. b3 cxb3 14. axb3 d5 15. b4 Qb6 16. Nbd2 a5 17. bxa5 Nxa5 18. Rb1 Ba6 19. Qe3 Qc6 20. Re1 Be7 21. Nf1 0-0 22. Bd2 Nc4 23. Qf4 f6 24. Qg3 Nxd2 25. N3xd2 1/2-1/2